Forsaken City Game Mechanics- Celeste - Statistics

General Stats
  • This quiz has been taken 171 times
  • The average score is 5 of 9
Answers on the Grid
Answers color-coded by a green-red scale on the quiz's grid according to % correct below.
Jumping
Dream Blocks
Badeline Chase
Crumbling Blocks
Badeline Fight
Dust Bunnies
Spikes
Oshiro Fight
Tentacle Surfaces
Green Bubbles
Dashing
Wind
White Clouds
Pink Clouds
Red Bubbles
Grabbing/Climbing/Walljumping
Seekers
Theo's Crystal
Dashable Blocks
Spinners/Crystal Spikes
Dash-Powered Blocks
Dash Buttons
Keys
Traffic Blocks
Coin Gates
Hot/Cold Switches
Rising Lava/Falling Ice
Ice Bouncers/Fireballs
Bumpers/Fire Bumpers
Falling Blocks/Launching Blocks
Ice/Lava Barriers
Farewell Traffic Block Reskin
Pufferfish
Springs
Jellyfish
Guided Blocks
Dash Crystals
Double Dash Crystals
Double Dash
Badeline Bubbles
 
Answer Stats
Answer % Correct
Jumping
92%
Spikes
78%
Dashing
73%
Crumbling Blocks
68%
Grabbing/Climbing/Walljumping
65%
Traffic Blocks
59%
Dash Crystals
38%
Springs
38%
Dashable Blocks
25%
No matching quizzes found
Score Distribution
Percent of People with Each Score
Percentile by Number Answered
Your Score History
You have not taken this quiz